Normal view
MARC view
- Dark Net
Entry Topical Term
001 - CONTROL NUMBER
- control field: 114298
003 - CONTROL NUMBER IDENTIFIER
- control field: NUST
005 - DATE AND TIME OF LATEST TRANSACTION
- control field: 20230830083823.0
008 - FIXED-LENGTH DATA ELEMENTS
- fixed length control field: 230830|| aca||aabn | a|a d
040 ## - CATALOGING SOURCE
- Original cataloging agency: NUST
- Transcribing agency: NUST
150 ## - HEADING--TOPICAL TERM
- Topical term or geographic name entry element: Dark Net
670 ## - SOURCE DATA FOUND
- Source citation: Work cat.: (NUST): Bartlett, Jamie 114297, The Dark Net /, 2014
